1891 o La vuelta del hijo pródigo : (Record no. 160554)

MARC details
000 -LEADER
campo de control de longitud fija 01597cam a22003255i 4500
001 - NÚMERO DE CONTROL
campo de control 160554
003 - IDENTIFICADOR DE NÚMERO DE CONTROL
campo de control ES-MaACL
005 - FECHA Y HORA DE LA ÚLTIMA TRANSACCIÓN
campo de control 20250824074925.0
008 - DATOS DE LONGITUD FIJA--INFORMACIÓN GENERAL
campo de control de longitud fija 020206s1892 sp |||| | spa d
040 ## - FUENTE DE CATALOGACIÓN
Centro catalogador/agencia de origen CAM
Lengua de catalogación spa
Centro/agencia transcriptor CAM
Centro/agencia modificador CCPB|CAM
100 1# - ENTRADA PRINCIPAL--NOMBRE DE PERSONA
Nombre de persona Navarro Gonzalvo, Eduardo,
Fechas asociadas al nombre 1846-1902
Término indicativo de función/relación Autor
9 (RLIN) 85134
245 10 - MENCIÓN DEL TÍTULO
Título 1891 o La vuelta del hijo pródigo :
Resto del título boceto cómico-lírico de actualidad en un acto y cinco cuadros, en prosa y verso /
Mención de responsabilidad, etc. original de Eduardo Navarro Gonzalvo y Ángel de Laguardia ; música del maestro Luis Arnedo.
260 ## - PUBLICACIÓN, DISTRIBUCIÓN, ETC.
Lugar de publicación, distribución, etc. Madrid :
Nombre del editor, distribuidor, etc. [Florencio Fiscovich :
-- Arregui y Aruej],
Fecha de publicación, distribución, etc. 1892
Fabricante (R. Velasco imp.)
300 ## - DESCRIPCIÓN FÍSICA
Extensión 38 páginas ;
Dimensiones 20 cm.
490 1# - MENCIÓN DE SERIE
Mención de serie El teatro, colección de obras dramaticas y líricas
490 1# - MENCIÓN DE SERIE
Mención de serie Biblioteca lírico-dramática y teatro cómico
500 ## - NOTA GENERAL
Nota general En port.: Estrenado...en el Teatro Eslava el 16 de enero de 1892
500 ## - NOTA GENERAL
Nota general Sólo el texto
596 ## - NOTA AL PIE DE IMPRENTA
NOTA AL PIE DE IMPRENTA Ed. tomado de cub.
655 #0 - TERMINO DE INDIZACIÓN--GENERO/FORMA
Datos o término principal de género/forma Teatro
9 (RLIN) 234794
700 1# - ENTRADA AGREGADA--NOMBRE PERSONAL
Nombre de persona Guardia, Ángel de la
Término indicativo de función/relación Autor
9 (RLIN) 60305
700 1# - ENTRADA AGREGADA--NOMBRE PERSONAL
Nombre de persona Arnedo, Luis,
Fechas asociadas al nombre 1856-1911
Término indicativo de función/relación Músico
9 (RLIN) 125713
740 31 - ENTRADA AGREGADA--TÍTULO RELACIONADO/ANALÍTICO NO CONTROLADO
Título relacionado o analítico no controlado La vuelta del hijo pródigo.
830 #3 - PUNTO DE ACCESO ADICIONAL DE SERIE-TÍTULO UNIFORME
Título uniforme El teatro: colección de obras dramática y líricas
9 (RLIN) 221753
830 #0 - PUNTO DE ACCESO ADICIONAL DE SERIE-TÍTULO UNIFORME
Título uniforme Biblioteca lirico-dramática y teatro cómico
9 (RLIN) 188056
852 ## - LOCALIZACIÓN
Ubicación ES-MaACL
Ubicación en estantería Sala Valle Inclán
Anotaciones manuscritas Dedicatoria ms. de Ángel de la Guardia a Manuel de la Fuente y Mondéjar
Donativo/Legado Legado Manuel de la Fuente y Mondéjar
Número de control de estantería D-692(8)
Encuadernación Enc. en un vol. facticio
-- Holandesa, conservando cub. original
942 ## - ELEMENTOS DE ENTRADA SECUNDARIOS (KOHA)
Fuente del sistema de clasificación o colocación Clasificación decimal universal
Tipo de ítem Koha Libro impreso antiguo
Suprimir en OPAC No
Holdings
Estatus retirado Estado de pérdida Fuente del sistema de clasificación o colocación Estado de daño No para préstamo Colección Biblioteca de origen Biblioteca actual Ubicación en estantería Fecha de adquisición Fuente de adquisición Total de préstamos Signatura topográfica completa Código de barras Visto por última vez Tipo de ítem Koha
    Clasificación decimal universal     Libros del s. XIX Biblioteca del Ateneo de Madrid Biblioteca del Ateneo de Madrid Sala Valle Inclán 17/01/2008 Legado   D-692(8) 901168113 23/02/2023 Libro impreso antiguo